000 00302nam a22001337a 4500
008 181001b xxu||||| |||| 00| 0 eng d
020 _a9780198662129
041 _aeng
080 _a781
100 _a45
101 _aMUS
245 _aThe Oxford Companion To Music
_cAlison.L
942 _2udc
_cBK
999 _c48722
_d48722